Bí quyết teen thành công = Secrets of successful teens

Giới thiệu những bí quyết giúp các bạn tuổi teen có thể thành công trong cuộc sống: khám phá nguồn sức mạnh để làm chủ cuộc sống, vượt qua những thử thách cam go, cách hoà hợp và chiếm được lòng tin của mọi người......

詳細記述

保存先:
書誌詳細
第一著者: Khoo, Adam
フォーマット: 図書
言語:Undetermined
出版事項: Hà Nội Phụ nữ 2015
主題:
タグ: タグ追加
タグなし, このレコードへの初めてのタグを付けませんか!
Thư viện lưu trữ: Trung tâm Học liệu Trường Đại học Cần Thơ
LEADER 01067nam a2200229Ia 4500
001 CTU_196540
008 210402s9999 xx 000 0 und d
020 |c 95000 
082 |a 158.1 
082 |b K45 
100 |a Khoo, Adam 
245 0 |a Bí quyết teen thành công = 
245 0 |b Secrets of successful teens 
245 0 |c Adam Khoo, Gary Lee ; Trần Đăng Khoa, Uông Xuân Vy (dịch) ; Trần Đăng Triều hiệu đính 
260 |a Hà Nội 
260 |b Phụ nữ 
260 |c 2015 
520 |a Giới thiệu những bí quyết giúp các bạn tuổi teen có thể thành công trong cuộc sống: khám phá nguồn sức mạnh để làm chủ cuộc sống, vượt qua những thử thách cam go, cách hoà hợp và chiếm được lòng tin của mọi người... 
650 |a Success,Thành công 
650 |x Psychological aspects,Khía cạnh tâm lý 
904 |i Hải 
980 |a Trung tâm Học liệu Trường Đại học Cần Thơ